Derecho público provincial (Registro nro. 7151)
[ vista simple ]
| 000 -LEADER | |
|---|---|
| fixed length control field | 01586 a2200277 4500 |
| 001 - CONTROL NUMBER | |
| control field | 60961 |
| 005 - DATE AND TIME OF LATEST TRANSACTION | |
| control field | 20260407155859.0 |
| 008 - FIXED-LENGTH DATA ELEMENTS--GENERAL INFORMATION | |
| fixed length control field | 260407a1987 arg spa d |
| 003 - CONTROL NUMBER IDENTIFIER | |
| control field | AR-UNSa-BCEJYS |
| 040 ## - CATALOGING SOURCE | |
| Original cataloging agency | AR-UNSa-BCEJYS |
| Language of cataloging | spa |
| Transcribing agency | AR-UNSa-BCEJYS |
| 080 ## - UNIVERSAL DECIMAL CLASSIFICATION NUMBER | |
| Universal Decimal Classification number | 342.24 |
| Common auxiliary subdivision | Federalismo. Sistema federal. Estados federales. Estados autonómicos. Repúblicas autónomas (Derecho Público Provincial)<br/> |
| 041 ## - LANGUAGE CODE | |
| Language code of text/sound track or separate title | spa |
| 100 1# - MAIN ENTRY--PERSONAL NAME | |
| Personal name | Frías, Pedro José |
| 245 10 - TITLE STATEMENT | |
| Title | Derecho público provincial |
| 264 #1 - PRODUCTION, PUBLICATION, DISTRIBUTION, MANUFACTURE, AND COPYRIGHT NOTICE | |
| Place of production, publication, distribution, manufacture | Buenos Aires : |
| Name of producer, publisher, distributor, manufacturer | Ediciones Depalma |
| Date of production, publication, distribution, manufacture, or copyright notice | 1987 |
| 300 ## - PHYSICAL DESCRIPTION | |
| Extent | xix, 418 p. |
| Dimensions | 23 cm. |
| 505 ## - FORMATTED CONTENTS NOTE | |
| Formatted contents note | 1. Derecho público provincial - 2. Autonomía y dependencia en las provincias - 3. El poder constituyente en las provincias - 4. El Estado Provincial - 5. La Provincia en la Nación - 6. La Región - 7. Los derechos y garantías en las constituciones provinciales - 8. Sistemas electorales - 9. Poder Legislativo en las provincias - 10. El Poder Ejecutivo en las provincias - 11. Poder Judicial - 12. Juicio Político y Jury de Enjuiciamiento - 13. Dominio y Jurisdicción de la Nación y las provincias - 14. Régimen Financiero - 15. Servicios provinciales - 16. La Regla Federal en La Constitución - 17. Federalismo como sistema - 18. Metrópoli y país: una relación a equilibrar - |
| 590 ## - LOCAL NOTE (RLIN) | |
| Local note | niveau_biblio:m niveau_hierar:0 |
| 700 1# - ADDED ENTRY--PERSONAL NAME | |
| Personal name | Berardo, Rodolfo |
| 700 1# - ADDED ENTRY--PERSONAL NAME | |
| Personal name | Cordeiro Pinto, Luis |
| 700 1# - ADDED ENTRY--PERSONAL NAME | |
| Personal name | Hernández, Antonio María (h) |
| 700 1# - ADDED ENTRY--PERSONAL NAME | |
| Personal name | Iturrez, Arturo Horacio |
| 700 1# - ADDED ENTRY--PERSONAL NAME | |
| Personal name | Vergara, Ricardo Alberto |
| 700 1# - ADDED ENTRY--PERSONAL NAME | |
| Personal name | Zarza Mensaque, Alberto |
| 942 ## - ADDED ENTRY ELEMENTS (KOHA) | |
| Koha item type | |
| Withdrawn status | Lost status | Damaged status | Not for loan | Home library | Current library | Shelving location | Date acquired | Total checkouts | Full call number | Barcode | Date last seen | Price effective from | Koha item type |
|---|---|---|---|---|---|---|---|---|---|---|---|---|---|
| Biblioteca Prof. Eusebio Cleto del Rey | Biblioteca Prof. Eusebio Cleto del Rey | 07/04/2026 | 342.24 D431 | L45798 | 07/04/2026 | 07/04/2026 | Libro |